Κατάλογος Βιβλιοθηκών Mediterranean College

Marketing Plans / Πώς να Σχεδιάζετε Αποτελεσματικά Προγράμματα Μάρκετινγκ (Record no. 6416)

MARC details
000 -LEADER
fixed length control field 01603cam a22002174a 4500
005 - ΗΜΕΡΟΜΗΝΙΑ ΚΑΙ ΩΡΑ ΤΕΛΕΥΤΑΙΑΣ ΕΝΗΜΕΡΩΣΗΣ
Πεδίο ελέγχου 20250605163534.0
008 - FIXED-LENGTH DATA ELEMENTS--GENERAL INFORMATION
Πεδίο ελέγχου σταθερού μήκους 250528s ||||||||||||||||||||||||d
035 ## - SYSTEM CONTROL NUMBER
System control number 21351
020 ## - ISBN
ISBN 9789603518150
040 ## - ΠΗΓΗ ΚΑΤΑΛΟΓΟΓΡΑΦΗΣΗΣ
Φορέας πρωτότυπης καταλογογράφησης MC Athens Campus Library
Γλώσσα καταλογογράφησης Ελληνικά, Μοντέρνα (1453-)
Modifying agency MC Athens Campus Library
Κανόνες περιγραφικής καταλογογράφησης AACR2
245 1# - ΤΙΤΛΟΣ ΚΑΙ ΔΗΛΩΣΗ ΥΠΕΥΘΥΝΟΤΗΤΑΣ
Τίτλος Marketing Plans / Πώς να Σχεδιάζετε Αποτελεσματικά Προγράμματα Μάρκετινγκ
250 ## - EDITION STATEMENT
Edition statement
260 ## - PUBLICATION, DISTRIBUTION, ETC.
Name of publisher, distributor, etc. Σταμούλης,
Date of publication, distribution, etc. 2010
300 ## - PHYSICAL DESCRIPTION
Extent 368
520 ## - SUMMARY, ETC.
Summary, etc. Ένας πρακτικός οδηγός που περιγράφει βήμα προς βήμα τη διαδικασία καθώς και τις μεθόδους που πρέπει να ακολουθούνται για την κατάρτιση αποτελεσματικών προγραμμάτων μάρκετινγκ. Εισαγωγικές Εννοιες, Ανάλυση του Εσωτερικού Περιβάλλοντος, Ανάλυση του Εξωτερικού Περιβάλλοντος, Αξιολόγηση Προιοντικού Χαρτοφυλακίου και Ανάλυση S.W.O.T., Επιλογή Αγορών-Στόχων, Καθορισμός Στόχων και Στρατηγικής Μάρκετινγκ, Σχέδιο Δράσης, Προϋπολογισμός και Πρόγραμμα Εκτάκτου Ανάγκης και Έλεγχος Προγράμματος Μάρκετινγκ, Βιβλιογραφία.
700 1# - ΠΡΟΣΘΕΤΗ ΑΝΑΓΡΑΦΗ--ΦΥΣΙΚΟ ΠΡΟΣΩΠΟ
Personal name Αυλωνίτης Γεώργιος Ι
700 1# - ΠΡΟΣΘΕΤΗ ΑΝΑΓΡΑΦΗ--ΦΥΣΙΚΟ ΠΡΟΣΩΠΟ
Personal name Παπασταθοπούλου Πολίνα
942 ## - ADDED ENTRY ELEMENTS (KOHA)
Koha item type Books
Holdings
Τύπος τεκμηρίου Βιβλιοθήκη Τρέχουσα τοποθεσία Barcode Αριθμός εισαγωγής Ημερομηνία απόκτησης Ταξιθετικό σύμβολο Αριθμός αντιτύπου Κατάσταση απόσυρσης Κατάσταση χαμένου Κατάσταση κατεστραμμένου Μη δανεισμός Σύνολο δανεισμών Ημερομηνία τελευταίας εμφάνισης Η τιμή ισχύει από
Books MC Athens Campus Library MC Athens Campus Library 9780000064158 5531 05/06/2025 658.802 AVL 1           05/06/2025 05/06/2025

MC Athens Campus Library
Πατησίων 94 & Κοδριγκτώνος 13, 104 34
Πελλήνης 8 & Πατησίων 107, 112 51
Τ: +30 210 8899600

MC Thessaloniki Campus Library
Ίωνος Δραγούμη 21, 54625 | Ίωνος Δραγούμη 15, 54625
Τ: +30 2310 287779 – Τ: +30 2314 440300